<?xml version="1.0" encoding="UTF-8"?>
<record
    xmlns:xsi="http://www.w3.org/2001/XMLSchema-instance"
    xsi:schemaLocation="http://www.loc.gov/MARC21/slim http://www.loc.gov/standards/marcxml/schema/MARC21slim.xsd"
    xmlns="http://www.loc.gov/MARC21/slim">

  <leader>03391nem a2200649 i 4500</leader>
  <controlfield tag="001">35211</controlfield>
  <controlfield tag="003">KOSZ 005</controlfield>
  <controlfield tag="005">20230704094338.0</controlfield>
  <controlfield tag="007">ad canzn</controlfield>
  <controlfield tag="008">000616s1998    pl        e  |  0   pol  </controlfield>
  <datafield tag="015" ind1=" " ind2=" ">
    <subfield code="a">UWD 2000/10387</subfield>
  </datafield>
  <datafield tag="034" ind1="3" ind2=" ">
    <subfield code="a">a</subfield>
    <subfield code="b">500000</subfield>
    <subfield code="b">4000000</subfield>
  </datafield>
  <datafield tag="035" ind1=" " ind2=" ">
    <subfield code="a">991014012629705066</subfield>
  </datafield>
  <datafield tag="035" ind1=" " ind2=" ">
    <subfield code="a">(PL-WaBN)b13767550-48omnis_nlop</subfield>
  </datafield>
  <datafield tag="035" ind1=" " ind2=" ">
    <subfield code="a">b13767550</subfield>
  </datafield>
  <datafield tag="035" ind1=" " ind2=" ">
    <subfield code="a">(OCoLC)233448851</subfield>
  </datafield>
  <datafield tag="035" ind1=" " ind2=" ">
    <subfield code="a">(PL)b0000001376755</subfield>
  </datafield>
  <datafield tag="035" ind1=" " ind2=" ">
    <subfield code="a">(EXLNZ-48OMNIS_NETWORK)9910021603405606</subfield>
  </datafield>
  <datafield tag="040" ind1=" " ind2=" ">
    <subfield code="a">WA N</subfield>
    <subfield code="c">WA N</subfield>
    <subfield code="d">KOSZ 005/HR</subfield>
  </datafield>
  <datafield tag="046" ind1=" " ind2=" ">
    <subfield code="k">1998</subfield>
  </datafield>
  <datafield tag="080" ind1=" " ind2=" ">
    <subfield code="a">912:551.24(438) </subfield>
  </datafield>
  <datafield tag="245" ind1="0" ind2="0">
    <subfield code="a">Atlas tektoniczny Polski /</subfield>
    <subfield code="c">Pa&#x144;stwowy Instytut Geologiczny ; redaktor naukowy Jerzy Znosko ; wsp&#xF3;&#x142;praca redakcyjna Maria Pajchlowa ; opracowa&#x142; Jerzy Znosko przy wsp&#xF3;&#x142;udziale: Ryszarda Dadleza, Andrzeja Grocholskiego, Zbigniewa Kowalczewskiego, Wojciecha Ry&#x142;ko, Wac&#x142;awa Ryki ; redaktor Zak&#x142;adu Produkcji PIG Ewa Mi&#x142;aczewska ; opracowanie graficzne Wydawnictwo Kartograficzne Polskiej Agencji Ekologicznej SA ; redaktor Barbara Celi&#x144;ska.</subfield>
  </datafield>
  <datafield tag="255" ind1=" " ind2=" ">
    <subfield code="a">Skale 1:500 000 - 1:4 000 000.</subfield>
  </datafield>
  <datafield tag="260" ind1=" " ind2=" ">
    <subfield code="a">Warszawa :</subfield>
    <subfield code="b">Wydawnictwo Kartograficzne Polskiej Agencji Ekologicznej,</subfield>
    <subfield code="c">copyright 1998.</subfield>
  </datafield>
  <datafield tag="300" ind1=" " ind2=" ">
    <subfield code="a">1 atlas (7 map na 10 arkuszach) :</subfield>
    <subfield code="b">wielobarwne ;</subfield>
    <subfield code="c">mapy sk&#x142;adane, r&#xF3;&#x17C;nych wymiar&#xF3;w, w ok&#x142;adce 42 cm.</subfield>
  </datafield>
  <datafield tag="336" ind1=" " ind2=" ">
    <subfield code="2">rdacontent</subfield>
    <subfield code="a">Mapa 2D</subfield>
    <subfield code="b">cri</subfield>
  </datafield>
  <datafield tag="337" ind1=" " ind2=" ">
    <subfield code="2">rdamedia</subfield>
    <subfield code="a">Bez urz&#x105;dzenia po&#x15B;rednicz&#x105;cego</subfield>
    <subfield code="b">n</subfield>
  </datafield>
  <datafield tag="338" ind1=" " ind2=" ">
    <subfield code="2">rdacarrier</subfield>
    <subfield code="a">Arkusz</subfield>
    <subfield code="b">nb</subfield>
  </datafield>
  <datafield tag="380" ind1=" " ind2=" ">
    <subfield code="a">Mapy</subfield>
  </datafield>
  <datafield tag="388" ind1=" " ind2=" ">
    <subfield code="a">1901-2000</subfield>
  </datafield>
  <datafield tag="388" ind1=" " ind2=" ">
    <subfield code="a">1989-2000</subfield>
  </datafield>
  <datafield tag="500" ind1=" " ind2=" ">
    <subfield code="a">Atlas sk&#x142;ada si&#x119; z: I. Mapa tektoniczna Polski, 1:500 000; II. Mapa rozprzestrzenienia kompleks&#xF3;w strukturalnych pokrywy osadowej, 1:750 000; III. Mapa jednostek tektonicznych Polski, 1:4 000 000; IV. Mapa powierzchni Moho w Polsce, 1:4 000 000; V. Mapa g&#x119;sto&#x15B;ci powierzchniowego strumienia ciep&#x142;a w Polsce, 1:4 000 000; VI. Mapa g&#x142;&#xF3;wnych fotolineament&#xF3;w Polski, 1:4 000 000; VII. Mapa terran&#xF3;w w Sudetach, 1:1 500 000.</subfield>
  </datafield>
  <datafield tag="500" ind1=" " ind2=" ">
    <subfield code="a">Tytu&#x142; z ok&#x142;adki.</subfield>
  </datafield>
  <datafield tag="536" ind1=" " ind2=" ">
    <subfield code="a">Druk pracy finansowany przez Ministerstwo Ochrony &#x15A;rodowiska, Zasob&#xF3;w Naturalnych i Le&#x15B;nictwa</subfield>
  </datafield>
  <datafield tag="540" ind1=" " ind2=" ">
    <subfield code="a">Copyright by Pa&#x144;stwowy Instytut Geologiczny, Warszawa 1998.</subfield>
  </datafield>
  <datafield tag="546" ind1=" " ind2=" ">
    <subfield code="a">Atlas w j&#x119;zyku polskim.</subfield>
  </datafield>
  <datafield tag="650" ind1=" " ind2="7">
    <subfield code="a">Tektonika</subfield>
    <subfield code="2">DBN</subfield>
  </datafield>
  <datafield tag="650" ind1=" " ind2="7">
    <subfield code="a">Geologia</subfield>
  </datafield>
  <datafield tag="651" ind1=" " ind2="7">
    <subfield code="a">Polska</subfield>
    <subfield code="2">DBN</subfield>
  </datafield>
  <datafield tag="655" ind1=" " ind2="7">
    <subfield code="a">Mapa geologiczna</subfield>
    <subfield code="2">DBN</subfield>
  </datafield>
  <datafield tag="655" ind1=" " ind2="7">
    <subfield code="a">Atlas geologiczny</subfield>
  </datafield>
  <datafield tag="658" ind1=" " ind2=" ">
    <subfield code="a">Geografia i nauki o Ziemi</subfield>
  </datafield>
  <datafield tag="700" ind1="1" ind2=" ">
    <subfield code="a">Celi&#x144;ska, Barbara</subfield>
    <subfield code="e">Redakcja</subfield>
  </datafield>
  <datafield tag="700" ind1="1" ind2=" ">
    <subfield code="a">Dadlez, Ryszard</subfield>
    <subfield code="d">(1931-2008)</subfield>
    <subfield code="e">Opracowanie</subfield>
  </datafield>
  <datafield tag="700" ind1="1" ind2=" ">
    <subfield code="a">Grocholski, Andrzej</subfield>
    <subfield code="d">(1928-2016)</subfield>
    <subfield code="e">Opracowanie</subfield>
  </datafield>
  <datafield tag="700" ind1="1" ind2=" ">
    <subfield code="a">Kowalczewski, Zbigniew</subfield>
    <subfield code="d">(1938-2018)</subfield>
    <subfield code="e">Opracowanie</subfield>
  </datafield>
  <datafield tag="700" ind1="1" ind2=" ">
    <subfield code="a">Ry&#x142;ko, Wojciech</subfield>
    <subfield code="d">(1950-2019)</subfield>
    <subfield code="e">Opracowanie</subfield>
  </datafield>
  <datafield tag="700" ind1="1" ind2=" ">
    <subfield code="a">Ryka, Wac&#x142;aw</subfield>
    <subfield code="d">(1931-1996)</subfield>
    <subfield code="e">Opracowanie</subfield>
  </datafield>
  <datafield tag="700" ind1="1" ind2=" ">
    <subfield code="a">Mi&#x142;aczewska, Ewa</subfield>
    <subfield code="e">Redakcja</subfield>
  </datafield>
  <datafield tag="700" ind1="1" ind2=" ">
    <subfield code="a">Pajchlowa, Maria</subfield>
    <subfield code="d">(1919-1996)</subfield>
    <subfield code="e">Redakcja</subfield>
  </datafield>
  <datafield tag="700" ind1="1" ind2=" ">
    <subfield code="a">Znosko, Jerzy</subfield>
    <subfield code="d">(1922-2017)</subfield>
    <subfield code="e">Redakcja</subfield>
  </datafield>
  <datafield tag="710" ind1="2" ind2=" ">
    <subfield code="a">Pa&#x144;stwowy Instytut Geologiczny</subfield>
  </datafield>
  <datafield tag="710" ind1="2" ind2=" ">
    <subfield code="a">Wydawnictwo Kartograficzne Polskiej Agencji Ekologicznej</subfield>
  </datafield>
  <datafield tag="856" ind1=" " ind2=" ">
    <subfield code="u">http://koha.tu.koszalin.pl/cgi-bin/koha/opac-detail.pl?biblionumber=35211</subfield>
    <subfield code="y">Katalog online BPK</subfield>
  </datafield>
  <datafield tag="942" ind1=" " ind2=" ">
    <subfield code="2">UKD</subfield>
    <subfield code="c">MP</subfield>
  </datafield>
  <datafield tag="999" ind1=" " ind2=" ">
    <subfield code="c">35211</subfield>
    <subfield code="d">35211</subfield>
  </datafield>
  <datafield tag="952" ind1=" " ind2=" ">
    <subfield code="0">0</subfield>
    <subfield code="1">0</subfield>
    <subfield code="4">0</subfield>
    <subfield code="7">0</subfield>
    <subfield code="a">BPK</subfield>
    <subfield code="b">BPK</subfield>
    <subfield code="c">w</subfield>
    <subfield code="o">MP 1088</subfield>
    <subfield code="p">01547054</subfield>
    <subfield code="y">MP</subfield>
  </datafield>
</record>
